00481nam a2200193Ia 4500008004100000020001800041050001400059100001900073245002600092245002100118245004800139260001500187260001600202260000900218300001500227300002700242300001000269500000800279170918s9999 xx 000 0 und d a9780590461030 bB496 1992 aBerger, Melvin aSound, heat & light : benergy at work / cMelvin Berger ; illustrated by Anna DiVito. aNew York : bScholastic, c1992 a40 pages : bcolored illustration ; c22cm. a360